| 000 | 00753 a2200193 4500 | ||
|---|---|---|---|
| 001 | 54965 | ||
| 005 | 20260407155825.0 | ||
| 008 | 260407a1968 arg spa d | ||
| 003 | AR-UNSa-BCEJYS | ||
| 040 |
_aAR-UNSa-BCEJYS _bspa _cAR-UNSa-BCEJYS |
||
| 080 |
_a161/162 _xPrincipios fundamentales de la lógica |
||
| 245 | 1 | 0 | _aIntroducción a la lógica |
| 264 | 1 |
_aBarcelona : _bLabor _c1968 |
|
| 300 |
_a195 p. _c20 cm. |
||
| 505 | _a1. La forma lógica – 2. La tradicional lógica de términos – 3. La lógica de proposiciones – 4. Existencias, predicación e identidad – 5. Proposiciones y hechos – 6. Lógica y lenguaje – 7. Lógica y lenguaje. | ||
| 942 | _cBK | ||
| 590 | _aniveau_biblio:m niveau_hierar:0 | ||
| 100 | 1 | _aMitchel, David | |
| 999 |
_c5851 _d5851 |
||